000 00704nas a2200229 4500
001 BR7700036
003 BR-BrBNA
005 20231205083027.0
007 ta
008 230509b bl.|||p| |||| 00| 00por d
040 _aBR-BrBNA
_bpor
_cBiblioteca Nacional de Agricultura
041 _a(Pt)
072 _aL40
100 1 _aOliveira, A.P. de
100 1 _aFranco, W. de A.
245 1 _aGlandulas uropigeas da marreca do Maranhao (Dendrocygna bicolor)[Brasil]
650 _aANATOMIA ANIMAL
650 _aPATO
773 0 _tBoletim do Instituto Biologico da Bahia (Brazil)
_xISSN 0020-3661
_g(1975), v. 14(1) p. 94-109
_wBR7700036
909 _a202311
_bLúcia
_c55
_dLúcia Elande
942 _2AGRIS
_n0
_cANA
999 _c95861
_d95861